The tenant's lot is now a happier one (Record no. 76526)
[ view plain ]
| 000 -LEADER | |
|---|---|
| fixed length control field | 01885cab a2200289 4500 |
| 001 - CONTROL NUMBER | |
| control field | ##L132609 |
| 008 - FIXED-LENGTH DATA ELEMENTS--GENERAL INFORMATION | |
| fixed length control field | 060222n2006 000 0 eng u |
| 035 ## - SYSTEM CONTROL NUMBER | |
| System control number | (Sirsi) u132609 |
| 041 0# - LANGUAGE CODE | |
| Language code of text/sound track or separate title | eng |
| 100 1# - MAIN ENTRY--PERSONAL NAME | |
| Personal name | Williams, Peter J. G. |
| 245 04 - TITLE STATEMENT | |
| Title | The tenant's lot is now a happier one |
| 260 ## - PUBLICATION, DISTRIBUTION, ETC. | |
| Date of publication, distribution, etc. | 2006 |
| 490 #0 - SERIES STATEMENT | |
| Series statement | Estates Gazette |
| Volume/sequential designation | (0606) 11 February 2006, 160-162(3) |
| 520 ## - SUMMARY, ETC. | |
| Summary, etc. | Considers the effect of the Landlord and Tenant Act (Covenants) Act 1995 10 years on. It represented the most significant change in the law governing leases since the Landlord and Tenant Act 1995. Examines the manner in which the 1995 Act has altered the landlord and tenant relationship over the last decade and how the Act has been interpreted by the courts. Discusses why the Act was passed, safeguards for former tenants, the ending of landlords' and tenants' liability, conditions for assignment and Authorised Guarantee Agreement (AGA), and what difference the Act has made. Highlights a grey area that the courts have not yet had an opportunity to consider: the stipulation of a landlord to be released automatically on sale of its interest and whether a guarantee of an AGA is effective. |
| 590 ## - LOCAL NOTE (RLIN) | |
| Local note | IKA280206 |
| 650 24 - SUBJECT ADDED ENTRY--TOPICAL TERM | |
| Topical term or geographic name entry element | LANDLORD AND TENANT (COVENANTS) ACT 1995 |
| 650 24 - SUBJECT ADDED ENTRY--TOPICAL TERM | |
| Topical term or geographic name entry element | LANDLORD AND TENANT ACT 1954 |
| 650 24 - SUBJECT ADDED ENTRY--TOPICAL TERM | |
| Topical term or geographic name entry element | M W KELLOGG LTD V TOBIN |
| 650 24 - SUBJECT ADDED ENTRY--TOPICAL TERM | |
| Topical term or geographic name entry element | COMMERCIAL UNION LIFE ASSURANCE CO LTD V MOUSTAFA |
| 650 24 - SUBJECT ADDED ENTRY--TOPICAL TERM | |
| Topical term or geographic name entry element | BHP PETROLEUM GREAT BRITAIN LTD V CHESTERFIELD PROPERTIES LTD |
| 650 24 - SUBJECT ADDED ENTRY--TOPICAL TERM | |
| Topical term or geographic name entry element | CHEVERELL ESTATES LTD V HARRIS |
| 650 24 - SUBJECT ADDED ENTRY--TOPICAL TERM | |
| Topical term or geographic name entry element | AVONRIDGE PROPERTY CO LTD V MASHRU |
| 650 24 - SUBJECT ADDED ENTRY--TOPICAL TERM | |
| Topical term or geographic name entry element | WALLIS FASHION GROUP LTD V CGU LIFE ASSURANCE LTD |
| 650 24 - SUBJECT ADDED ENTRY--TOPICAL TERM | |
| Topical term or geographic name entry element | ALLIED DUNBAR ASSURANCE PLC V HOMEBASE LTD AND ANOTHER |
| 690 ## - LOCAL SUBJECT ADDED ENTRY--TOPICAL TERM (OCLC, RLIN) | |
| Topical term or geographic name as entry element | PROPERTY-COMMERCIAL PROPERTY-LEASEHOLD COMMERCIAL PROPERTY-COMMERCIAL LANDLORD AND TENANT-COMMERCIAL LANDLORD AND TENANT REFORM |
| 942 ## - ADDED ENTRY ELEMENTS (KOHA) | |
| Suppress in OPAC | 0 |
| Withdrawn status | Lost status | Source of classification or shelving scheme | Damaged status | Not for loan | Home library | Current library | Shelving location | Date acquired | Total Checkouts | Full call number | Barcode | Date last seen | Copy number | Price effective from | Koha item type |
|---|---|---|---|---|---|---|---|---|---|---|---|---|---|---|---|
| Dewey Decimal Classification | London | London | Journal article | 22/02/2006 | L132609 | 132609-1001 | 06/08/2019 | 1 | 06/08/2019 | Journal article |